| 000 | 01429nam a22003857a 4500 | ||
|---|---|---|---|
| 003 | CHAP | ||
| 005 | 20220329135225.0 | ||
| 008 | 971013s1985 r 00010 d | ||
| 010 | _a32886 | ||
| 011 | _a33858 | ||
| 035 | _a37974 | ||
| 040 | _cCHAP | ||
| 090 | _aTesis | ||
| 100 | 0 | 0 |
_aLópez Tirado, Quito. _968366 |
| 245 | _aCaracterización de cabras criollas en agostaderos del altiplano potosino y factores que influyen en la reproducción y el crecimiento | ||
| 260 |
_aChapingo, Méx. : _bEl autor, _c1985 |
||
| 300 |
_a103 h. _b: gráfs. |
||
| 502 | _aTesis (M.C. Esp. en Ganadería) -- CP. Centro de Ganadería | ||
| 590 |
_aALEPH _b10 _c20130110 _lUCH01 _h1257 |
||
| 590 |
_aBATCH-UPD _b10 _c20130110 _lUCH01 _h0000 |
||
| 590 |
_aBATCH-UPD _b10 _c20130110 _lUCH01 _h1958 |
||
| 590 |
_aBATCH-UPD _b10 _c20130409 _lUCH01 _h1934 |
||
| 590 |
_aBATCH-UPD _b10 _c20130410 _lUCH01 _h1318 |
||
| 590 |
_aBATCH-UPD _b10 _c20130914 _lUCH01 _h1507 |
||
| 590 |
_aCONVERSION _b10 _c20130109 _lUCH01 _h1318 |
||
| 650 | 1 | 4 |
_aGanado cabrío _xCrecimiento. _945000 |
| 650 | 1 | 4 |
_aGanado cabrío _xReproducción. _945043 |
| 650 | 1 | 4 |
_aGanado cabrío _xSan Luis Potosí. _945044 |
| 710 | 0 |
_aColegio de Postgraduados. Chapingo, Méx. Centro de Ganadería. _925082 |
|
| 901 | _aBK | ||
| 942 | _cFOLL | ||
| 949 |
_bBC _cTES _d-86979 _eTS1 _i37974 _si |
||
| 949 |
_bBC _cTES _d-86980 _eTS2 _fc.2 _i37974 _si |
||
| 949 |
_bBC _cTES _d-86981 _eTS2 _fc.3 _i37974 _si |
||
| 999 |
_c32886 _d32886 |
||